| 000 | 008120000a22002530004500 | ||
|---|---|---|---|
| 001 | 50401 | ||
| 010 | _a972-8570-25-2 | ||
| 021 |
_aPT _b208726/04 |
||
| 100 | _a20100630d2010 k y0pory5003 ba | ||
| 101 | 0 | _apor | |
| 102 | _aPT | ||
| 200 | 1 |
_aA árvore da família no coração _fGraça Gonçalves _gIlust. de Augusto Figueiredo |
|
| 210 |
_aAveiro _cGostar _d2004 |
||
| 215 |
_a52, [4] p. _cil. _d26 cm |
||
| 606 |
_92153 _aLiteratura para crianças e jovens |
||
| 675 |
_a087.5 _vBN _zpor |
||
| 675 |
_a821.134.3-93"19/20" _vBN _zpor |
||
| 675 |
_a821.134.3-34"19/20" _vBN _zpor |
||
| 700 | 1 |
_922528 _aGonçalves _bGraça _f1951 |
|
| 702 | 1 |
_919837 _4440 _aFigueiredo _bAugusto |
|
| 801 |
_aPT _c20100630 |
||
| 090 | _a50401 | ||
| 942 |
_cMON _n0 |
||
| 999 | _a50401 | ||